Un mundo nuevo / (Record no. 87608)

MARC details
000 -LEADER
campo de control de longitud fija 00501nam a2200157 i 4500
001 - NÚMERO DE CONTROL
campo de control 87608
003 - IDENTIFICADOR DE NÚMERO DE CONTROL
campo de control ES-MaACL
007 - CAMPO FIJO DE DESCRIPCIÓN FÍSICA--INFORMACIÓN GENERAL
campo de control de longitud fija t|
008 - DATOS DE LONGITUD FIJA--INFORMACIÓN GENERAL
campo de control de longitud fija 041222s1953 ag ||||1| spa d
100 1# - ENTRADA PRINCIPAL--NOMBRE DE PERSONA
Nombre de persona Krishnamurti, J.
9 (RLIN) 68859
245 13 - MENCIÓN DEL TÍTULO
Título Un mundo nuevo /
Mención de responsabilidad, etc. Krishnamurti ; [traducción directa del inglés por Arturo Orzábal Quintana].
260 ## - PUBLICACIÓN, DISTRIBUCIÓN, ETC.
Lugar de publicación, distribución, etc. [Buenos Aires] :
Nombre del editor, distribuidor, etc. Krishnamurti,
Fecha de publicación, distribución, etc. [1953]
300 ## - DESCRIPCIÓN FÍSICA
Extensión 316 p. ;
Dimensiones 19 cm.
700 1# - ENTRADA AGREGADA--NOMBRE PERSONAL
Nombre de persona Orzábal Quintana, Arturo.
9 (RLIN) 87712
852 ## - LOCALIZACIÓN
Ubicación ES-MaACL
Número de control de estantería C-8208
Sublocalización o colección R.36244
Holdings
Estatus retirado Estado de pérdida Estado de daño No para préstamo Biblioteca de origen Biblioteca actual Ubicación en estantería Fecha de adquisición Fuente de adquisición Total de préstamos Signatura topográfica completa Código de barras Visto por última vez Precio de reemplazo Tipo de ítem Koha
        Biblioteca del Ateneo de Madrid Biblioteca del Ateneo de Madrid Sala Palomar 17/01/2008     C-8208 1091525 23/02/2023 23/02/2023 Libro impreso